Metodología de la investigación / (Registro nro. 6949)
[ vista simple ]
| 000 -LEADER | |
|---|---|
| fixed length control field | 01385cam a2200277 4500 |
| 003 - CONTROL NUMBER IDENTIFIER | |
| control field | OSt |
| 005 - DATE AND TIME OF LATEST TRANSACTION | |
| control field | 20201021135027.0 |
| 008 - FIXED-LENGTH DATA ELEMENTS--GENERAL INFORMATION | |
| fixed length control field | 000000t 1991ck r 001 0 spa d |
| 015 ## - NATIONAL BIBLIOGRAPHY NUMBER | |
| National bibliography number | SNN |
| 020 ## - INTERNATIONAL STANDARD BOOK NUMBER | |
| International Standard Book Number | 9684229313 |
| 040 ## - CATALOGING SOURCE | |
| Original cataloging agency | CO-BoPUJ |
| Transcribing agency | CO-JMCR |
| 041 0# - LANGUAGE CODE | |
| Language code of text/sound track or separate title | spa |
| 082 04 - DEWEY DECIMAL CLASSIFICATION NUMBER | |
| Classification number | 001.42 / |
| Item number | H558m |
| Edition number | 23 |
| 100 1# - MAIN ENTRY--PERSONAL NAME | |
| Personal name | Hernández Sampieri, Roberto |
| Relator term | autor |
| 9 (RLIN) | 11788 |
| 245 00 - TITLE STATEMENT | |
| Title | Metodología de la investigación / |
| Statement of responsibility, etc. | Roberto Hernández Sampieri, Carlos Fernández Collado y Pilar Baptista Lucio |
| 260 ## - PUBLICATION, DISTRIBUTION, ETC. | |
| Place of publication, distribution, etc. | México ; Buenos Aires : |
| Name of publisher, distributor, etc. | McGraw-Hill, |
| Date of publication, distribution, etc. | 1991. |
| 300 ## - PHYSICAL DESCRIPTION | |
| Extent | xxiv, 505 páginas : |
| Other physical details | ilustraciones, gráficos a blanco y negro ; |
| Dimensions | 24 cm. |
| 504 ## - BIBLIOGRAPHY, ETC. NOTE | |
| Bibliography, etc. note | Bibliografías: páginas 479-486. |
| 505 0# - FORMATTED CONTENTS NOTE | |
| Formatted contents note | La idea -- El planteamiento del problema -- La elaboración del marco teórico -- Definición del tipo de investigación a realizar -- Formulación de hipótesis -- Diseños experimentales de investigaciones -- Diseños no experimentales de investigación -- ¿Cómo seleccionar una muestra? -- Recolección de los datos -- Análisis de los datos -- Elaboración del reporte de investigación |
| 650 24 - SUBJECT ADDED ENTRY--TOPICAL TERM | |
| Topical term or geographic name entry element | Metodología científica |
| 9 (RLIN) | 1144 |
| 650 24 - SUBJECT ADDED ENTRY--TOPICAL TERM | |
| Topical term or geographic name entry element | Investigación científica |
| 9 (RLIN) | 1145 |
| 650 24 - SUBJECT ADDED ENTRY--TOPICAL TERM | |
| Topical term or geographic name entry element | Investigación |
| General subdivision | Metodología |
| 9 (RLIN) | 11789 |
| 700 1# - ADDED ENTRY--PERSONAL NAME | |
| Personal name | Fernández Collado, Carlos, |
| Relator term | autor |
| 9 (RLIN) | 11790 |
| 700 1# - ADDED ENTRY--PERSONAL NAME | |
| Personal name | Bapista Lucio, Pilar, |
| Relator term | autor |
| 9 (RLIN) | 11791 |
| 942 ## - ADDED ENTRY ELEMENTS (KOHA) | |
| Source of classification or shelving scheme | Dewey Decimal Classification |
| Koha item type | Books |
| Withdrawn status | Lost status | Source of classification or shelving scheme | Damaged status | Not for loan | Home library | Current library | Shelving location | Date acquired | Source of acquisition | Total Checkouts | Full call number | Barcode | Date last seen | Copy number | Price effective from | Koha item type |
|---|---|---|---|---|---|---|---|---|---|---|---|---|---|---|---|---|
| Dewey Decimal Classification | Biblioteca Pública José María del Castillo y Rada | Biblioteca Pública José María del Castillo y Rada | General Stacks | 10/02/2020 | Donación | 001.42 / H558m | 201810017 | 05/16/2024 | Ej.1 | 10/02/2020 | Books |